[Event "POL-chT U20 2nd League"]
[Site "Sypniewo"]
[Date "2025.06.22"]
[Round "5.80"]
[White "Topolan, Tomasz"]
[Black "Misiek, Stanislaw"]
[Result "0-1"]
[WhiteElo "1764"]
[BlackElo "2000"]
[PlyCount "90"]
[EventDate "2025.06.18"]
[EventType "team-swiss"]
[EventRounds "9"]
[EventCountry "POL"]
[SourceTitle "CB27_2025"]
[SourceDate "2025.07.02"]
[SourceVersion "1"]
[SourceVersionDate "2025.07.02"]
[SourceQuality "1"]
[WhiteTeam "Lublin Cebularz"]
[BlackTeam "Ostrow Wielkopolski"]
[WhiteTeamCountry "POL"]
[BlackTeamCountry "POL"]

1. e4 e5 2. Nf3 Nc6 3. Bb5 a6 4. Ba4 Nf6 5. d4 Nxe4 6. Qe2 b5 7. Nxe5 Qe7 8. Qxe4 bxa4 9. Nc3 Bb7 10. Nxc6 Qxe4+ 11. Nxe4 Bxc6 12. f3 Be7 13. 0-0 Rb8 14. b3 0-0 15. Bf4 d6 16. Rfe1 Rfe8 17. Rad1 h6 18. d5 Bd7 19. Kf2 a5 20. Bd2 axb3 21. cxb3 a4 22. b4 f5 23. Ng3 Bf6 24. a3 Kf7 25. Ne2 Bb5 26. Rc1 Re7 27. Bc3 Rbe8 28. Nd4 Bc4 29. Rxe7+ Rxe7 30. Nxf5 Re2+ 31. Kg3 Bxd5 32. Bxf6 Kxf6 33. Nd4 Ra2 34. Rxc7 Rxa3 35. Ra7 Rd3 36. Nc2 Bb3 37. Na3 d5 38. Kf2 Rd2+ 39. Kf1 Ra2 40. b5 Rxa3 41. b6 Bc4+ 42. Kf2 Rb3 43. b7 a3 44. Rxa3 Rxb7 45. Ra8 Rb2+ 0-1

[Event "POL-chT U20 2nd League"]
[Site "Sypniewo"]
[Date "2025.06.21"]
[Round "4.50"]
[White "Misiek, Stanislaw"]
[Black "Zaglowek, Blazej"]
[Result "1-0"]
[WhiteElo "2000"]
[BlackElo "1746"]
[PlyCount "79"]
[EventDate "2025.06.18"]
[EventType "team-swiss"]
[EventRounds "9"]
[EventCountry "POL"]
[SourceTitle "CB27_2025"]
[SourceDate "2025.07.02"]
[SourceVersion "1"]
[SourceVersionDate "2025.07.02"]
[SourceQuality "1"]
[WhiteTeam "Ostrow Wielkopolski"]
[BlackTeam "Gliwice Akademia Szachowa"]
[WhiteTeamCountry "POL"]
[BlackTeamCountry "POL"]

1. b3 d5 2. Bb2 c6 3. Nf3 Bg4 4. c4 Nd7 5. d4 e6 6. Nbd2 Ngf6 7. e3 Bf5 8. Be2 h6 9. 0-0 Be7 10. Re1 0-0 11. c5 Ne4 12. b4 Bf6 13. Nb3 b6 14. Qc1 Rc8 15. Rd1 g5 16. Ne1 g4 17. Nd3 Kh7 18. a4 g3 19. hxg3 Rg8 20. Bf3 Bg4 21. Nf4 Bxf3 22. gxf3 Nxg3 23. fxg3 Rxg3+ 24. Kf2 Bh4 25. Ke2 Qg5 26. Bc3 Rg8 27. Be1 Rg2+ 28. Nxg2 Qxg2+ 29. Kd3 Bxe1 30. Rxe1 Qxf3 31. Rf1 Qe4+ 32. Kc3 Ne5 33. dxe5 Qc4+ 34. Kb2 Rg2+ 35. Ka3 Rc2 36. Rxf7+ Kg6 37. Qg1+ Kxf7 38. Rf1+ Ke8 39. Qg8+ Ke7 40. Rf7# 1-0

[Event "Wroclaw Anderssen Memorial op"]
[Site "Wroclaw"]
[Date "2024.08.15"]
[Round "8"]
[White "Misiek, Stanislaw"]
[Black "Jarmula, Lukasz"]
[Result "0-1"]
[WhiteElo "1834"]
[BlackElo "2433"]
[PlyCount "60"]
[EventDate "2024.08.15"]
[EventType "swiss (blitz)"]
[EventRounds "9"]
[EventCountry "POL"]
[SourceTitle "CBM 221 Extra"]
[Source "ChessBase"]
[SourceDate "2024.09.30"]
[SourceVersion "1"]
[SourceVersionDate "2024.09.30"]
[SourceQuality "1"]

1. e4 d6 2. d4 Nf6 3. Nc3 Nc6 4. Be3 e5 5. Nf3 Bg4 6. Bb5 exd4 7. Qxd4 Nd7 8. Qd2 Be7 9. Nd4 Nxd4 10. Bxd4 c6 11. Be2 Bxe2 12. Qxe2 0-0 13. 0-0 Bf6 14. Rad1 Re8 15. Qf3 Bxd4 16. Rxd4 Qb6 17. Rxd6 Ne5 18. Qg3 Qxb2 19. Rfd1 h5 20. f4 Nc4 21. R6d4 b5 22. e5 Qxc2 23. Ne4 Kf8 24. Qg5 Ne3 25. Re1 c5 26. Rd7 Qxe4 27. Qg3 Qf5 28. Rc7 Nc2 29. Rc1 Nd4 30. Qe3 Ne6 0-1

[Event "Wroclaw op-B"]
[Site "Wroclaw"]
[Date "2024.08.12"]
[Round "6"]
[White "Galazka, Michal"]
[Black "Misiek, Stanislaw"]
[Result "0-1"]
[WhiteElo "1702"]
[BlackElo "1834"]
[PlyCount "153"]
[EventDate "2024.08.08"]
[EventType "swiss"]
[EventRounds "9"]
[EventCountry "POL"]
[SourceTitle "EXT 2025"]
[Source "ChessBase"]
[SourceDate "2024.10.14"]
[SourceVersion "1"]
[SourceVersionDate "2024.10.14"]
[SourceQuality "1"]

1. d4 Nf6 2. Bf4 d5 3. e3 Bf5 4. c4 e6 5. Nc3 Bb4 6. a3 Bxc3+ 7. bxc3 c6 8. Bd3 dxc4 9. Bxc4 0-0 10. Ne2 Nd5 11. 0-0 Nd7 12. Bg3 Qa5 13. Qd2 e5 14. Rfd1 e4 15. Ba2 N5f6 16. h3 Rfd8 17. Qb2 Qa6 18. Nf4 g5 19. Ne2 Kg7 20. c4 Kg6 21. Rab1 b6 22. Rbc1 Qc8 23. c5 h5 24. Bd6 h4 25. a4 Ne8 26. Bh2 Ng7 27. Qc3 Qa6 28. Qc4 Qxc4 29. Bxc4 bxc5 30. Ba6 cxd4 31. Nxd4 Nb6 32. a5 c5 33. Rxc5 Ne6 34. Rc6 Nd5 35. Nxf5 Kxf5 36. Rd6 Rxd6 37. Bxd6 Nc3 38. Ra1 Rd8 39. Bb4 Nd5 40. Be1 Rb8 41. Rd1 Ke5 42. Bc4 Nec7 43. Kf1 f5 44. Kg1 Rb2 45. Bd2 f4 46. Bc1 Rb8 47. exf4+ gxf4 48. Bd2 Rb2 49. Bc1 Rb4 50. Bf1 Ne6 51. Be2 Nc3 52. Re1 Nd4 53. Bh5 Nc2 54. Bd2 Rc4 55. Bxc3+ Rxc3 56. Rb1 Rc5 57. a6 Rc6 58. Be2 Nd4 59. Bf1 e3 60. fxe3 fxe3 61. Bb5 Rb6 62. Bd3 Ne2+ 63. Kf1 Ng3+ 64. Ke1 Rxb1+ 65. Bxb1 Kd4 66. Bg6 Nh1 67. Ke2 Nf2 68. Bf5 Ne4 69. Bg4 Nc3+ 70. Ke1 Nd5 71. Bf3 Nb4 72. Bb7 Kd3 73. Bf3 Nc2+ 74. Kd1 Nd4 75. Ke1 e2 76. Bg4 Nc2+ 77. Kf2 0-1

[Event "Wroclaw op-B"]
[Site "Wroclaw"]
[Date "2024.08.09"]
[Round "3"]
[White "Misiek, Stanislaw"]
[Black "Brudnicki, Pawel"]
[Result "1-0"]
[WhiteElo "1834"]
[BlackElo "1699"]
[PlyCount "75"]
[EventDate "2024.08.08"]
[EventType "swiss"]
[EventRounds "9"]
[EventCountry "POL"]
[SourceTitle "EXT 2025"]
[Source "ChessBase"]
[SourceDate "2024.10.14"]
[SourceVersion "1"]
[SourceVersionDate "2024.10.14"]
[SourceQuality "1"]

1. e4 d5 2. exd5 Nf6 3. Bb5+ Nbd7 4. Nf3 a6 5. Be2 Nxd5 6. d4 e6 7. c4 N5f6 8. 0-0 Be7 9. Re1 0-0 10. Bf1 c5 11. g3 cxd4 12. Nxd4 Qc7 13. b3 b6 14. Bb2 Bb7 15. Nd2 Rfd8 16. Qc2 Bc5 17. Rad1 Ne5 18. Rxe5 Rxd4 19. Rxc5 Qxc5 20. Bxd4 Qxd4 21. Nf3 Qg4 22. Ne5 Qg5 23. f4 Qh5 24. Qe2 Qf5 25. Bg2 Bxg2 26. Qxg2 Rb8 27. Qb7 Rf8 28. Qxb6 Qc2 29. Rd8 Qb1+ 30. Kg2 Qc2+ 31. Kh3 Ne8 32. Qd4 Qf5+ 33. Kg2 Qf6 34. Qd7 Qf5 35. Rxe8 Qc2+ 36. Kh3 g6 37. Qxf7+ Kh8 38. Rxf8# 1-0